000 00774nam a2200265Ia 4500
001 Para_3555
003 CHAP
008 220125s1925 xx 000 0 und d
010 _a202079
040 _cCHAP
090 _aPA FOLLETO 1153
100 _aAdamas, J. F
_9167077
245 _aThe spore discharge of the apple scab fungus in Delaware /
_c J. F. Adams
260 _aNewark, Delaware :
_b Agricultural Experiment Station
300 _a15 p.
440 _aDelaware. Agri. Exp. Sta., Bull.; 140
_9167078
650 _aManzana
_x Enfermedades Fungicidas
_9167079
901 _aPA FOLLETO 1153
902 _aA
905 _a0000001925 NEW 0000000000 00
910 _a1925
942 _cPARA
942 _cPARA
_d1
999 _c202079
_d202079